000 00335nam a2200133Ia 4500
008 260604s9999 xx 000 0 und d
020 _a9789819987061
082 _a330.502A SA
100 _aSachiyo asahi
_935714
245 0 _aEconometric Analysis of Regional Economy 2024
260 _bSpringer
500 _aEconometric
942 _cBK
999 _c8538
_d8538